000 00524cam a2200193 4500
001 D15259
008 090401t1977 xxu||||| |||| 00| 0 eng d
035 _a(Sirsi) u21532
041 _aeng
050 _a338.4369
110 _aRoyal Institution of Chartered Surveyors
_94900
245 _aConstruction economics: the international role of the chartered quantity surveyor
260 _bRICS
_c1977
300 _a15p
350 _a2
520 _aFiled in Archives box 1977/13 ABC
942 _n0
948 _c04/03/1997
999 _c88000
_d88000